000 00525nam a2200205Ia 4500
005 20250923144247.0
008 008 250917s9999 xx 000 0 eng d
037 _aTextual
040 _aDSWL
_beng
_cDSWL
041 _aeng
_2eng
084 _aY1:45, H5
_qDSWL
100 _aGillin, T.N
_9822965
245 0 _aCriminology and penology
_cby T.N Gillin
260 _c1945
300 _a616 p.
365 _aINR
_b2.1
925 _g2.1
942 _cTEXL
_hY1:45, H5
999 _c1436717
_d1436717